| 000 | 00558nam a2200181Ia 4500 | ||
|---|---|---|---|
| 999 |
_c23184 _d23184 |
||
| 003 | OSt | ||
| 005 | 20200515090752.0 | ||
| 008 | 190216s9999||||xx |||||||||||||| ||und|| | ||
| 020 | _a9788171511051 | ||
| 040 | _coclc | ||
| 082 |
_a297.272 _bHUS/H |
||
| 100 |
_a Hussain, Shaikh Shaukat _92241 |
||
| 245 | 0 |
_aHuman Rights In Islam / _cShaikh Shaukat Hussain |
|
| 260 |
_bKitabbhavan, _c2011. _aNew Delhi: |
||
| 300 | _a121p | ||
| 650 | 0 |
_aHistory & geography _vIslamic History _92271 |
|
| 942 |
_cBK _2ddc _h297.272 _iHUS/H _k297.272 _mHUS/H |
||